Enseñanzas de Goya
Salvato in:
| Autore principale: | |
|---|---|
| Natura: | Libro |
| Lingua: | spagnolo |
| Pubblicazione: |
Santiago
CTC
1999
|
| Soggetti: | |
| Tags: |
Aggiungi Tag
Nessun Tag, puoi essere il primo ad aggiungerne!!
|
MARC
| LEADER | 00000nam a2200000 a 4500 | ||
|---|---|---|---|
| 001 | UCN8271 | ||
| 003 | CL-VaPUC | ||
| 008 | 011109e19990000CL |||||||||||||||||spa|d | ||
| 082 | 0 | 4 | |a 759.983 |b BRU |2 21 |
| 100 | 0 | |a Bru, Roser |e author |9 464596 | |
| 245 | 1 | 0 | |a Enseñanzas de Goya |
| 300 | |a pág. irreg | ||
| 942 | |c BK | ||
| 945 | |d 20011109 00:00:00 |a cmena | ||
| 260 | |a Santiago |b CTC |c 1999 | ||
| 600 | 0 | 7 | |a GOYA Y LUCIENTES, FRANCISCO DE |2 CL-VaPUC |9 464597 |
| 650 | 0 | |a Pintura chilena contemporanea |9 464598 | |
| 650 | 0 | |a Retratos |9 313437 | |
| 583 | |a last modification |c 20011109 00:00:00 |k Rodrigo Vera | ||
| 999 | |c 298288 |d 298286 | ||
| 952 | |0 0 |1 0 |4 0 |6 759_983000000000000_BRU_1999 |7 0 |8 A |9 353789 |a BIBHIS |b BIBHIS |d 2019-11-21 |i 3769275 |o 759.983 BRU 1999 |p 3769275 |r 2025-01-20 |w 2019-11-21 |y BK |k HIS | ||